| 000 | 00752nam a2200217 i 4500 | ||
|---|---|---|---|
| 001 | 133307 | ||
| 003 | ES-MaACL | ||
| 005 | 20251114151307.0 | ||
| 007 | t| | ||
| 008 | 070214s1966 sp r ||||1| spa d | ||
| 100 | 1 |
_aRoth, Arnold. _999944 |
|
| 245 | 1 | 0 |
_aTécnica de la alta tensión / _cArnold Roth ; con la colaboración de Gerard de Senarclens, Joachim Amsler ; traducción de Juan Corrales Martín. |
| 260 |
_aBarcelona : _bLabor, _c1966. |
||
| 300 |
_a387 p. : _bil. ; _c25 cm. |
||
| 650 |
_aInstalaciones eléctricas. _913826 |
||
| 700 | 1 |
_aSenarclens, Gerard de. _9105437 |
|
| 700 | 1 |
_aAmsler, Joachim. _921345 |
|
| 700 | 1 |
_aCorrales Martín, Juan, _d1907-2000 _940736 |
|
| 852 |
_aES-MaACL _jG-5107 _bR.70146 |
||
| 999 |
_c133307 _d133307 |
||